000 00764nam a2200253Ia 4500
003 OSt
005 20220926023856.0
006 a|||||r|||| 00| 0
007 ta
008 220923b |||||||| |||| 00| 0 eng d
037 _cGeneral Book
040 _aRTL
_cRTL
_beng
041 _2eng
_aeng
082 _aX:51b4, L2
100 _aWentz Walter B
_9149400
245 0 _aMarketing research
_b Management and methods
260 _aNY
_bHarper and Row
_c1972
300 _axii,590p
_ccm.
490 _aHarper and Row Series in Marketing Management
500 _aBibliography at the end of each chapter; Appendix: p 507-74
650 _aMarketing
_915998
942 _hX:51b4, L2
_cGB
_2CC
999 _c642503
_d642503